Statistics for Famous Mathematicians

Click here to take the quiz!

General Stats

  • This quiz has been taken 141 times
  • The average score is 7 of 16

Answer Stats

Answer% Correct
Stephen Hawking
94%
Alan Turing
89%
Pythagoras
88%
Carl Friedrich Gauß
67%
Pierre de Fermat
51%
Kurt Gödel
50%
Andrew Wiles
44%
Ada Lovelace
42%
David Hilbert
42%
Paul Erdős
38%
Bertrand Russell
36%
Grigori Yakovlevich Perelman
36%
Emmy Noether
35%
Charles Babbage
27%
Adam Ries
6%
Pafnuti Lwowitsch Tschebyschow
1%

Score Distribution

Percentile by Number Answered

Percent of People with Each Score

Your Score History

You have not taken this quiz